Most na diaľnici D4 cez rieku Dunaj
Salvato in:
| Autore principale: | |
|---|---|
| Altri autori: | |
| Natura: | Manoscritto Libro |
| Lingua: | slovacco |
| Pubblicazione: |
2017
|
| Soggetti: | |
| Accesso online: | http://is.stuba.sk/zp/portal_zp.pl?podrobnosti=125374 https://opac.crzp.sk/?fn=detailBiblioForm&sid=4CB0668AE2C8F277BDA4ABAC843C |
| Tags: |
Nessun Tag, puoi essere il primo ad aggiungerne!!
|
MARC
| LEADER | 00000ntm a22000003a 4500 | ||
|---|---|---|---|
| 001 | stuzp63484 | ||
| 003 | SK-STU | ||
| 005 | 20230816133001.2 | ||
| 007 | ta | ||
| 008 | 150427s2015----xo-----f-mn---000-0-slo-d | ||
| 040 | |a STU |b slo | ||
| 041 | 0 | |a slo | |
| 100 | 1 | |a Milová, Eleonóra |u 010110 |4 aut |U SvF Stavebná fakulta |T SvF Katedra betónových konštrukcií a mostov |X 42019 |U V110 |Y 11 |7 42019 | |
| 242 | 0 | 1 | |a Bridge on highway D4 over the River Danube |y eng |
| 245 | 1 | 0 | |a Most na diaľnici D4 cez rieku Dunaj |
| 260 | |c 2017 | ||
| 650 | 4 | |a letmá betonáž |2 slo | |
| 650 | 4 | |a predpínacia výstuž |2 slo | |
| 650 | 4 | |a váhadlo |2 slo | |
| 650 | 4 | |a fázovanie |2 slo | |
| 650 | 4 | |a prestressing |2 eng | |
| 650 | 4 | |a balances cantiliver construction |2 eng | |
| 650 | 4 | |a bridge |2 eng | |
| 650 | 4 | |a concrete |2 eng | |
| 700 | 1 | |a Halvonik, Jaroslav |u 010110 |k Z1 |4 ths |U SvF Stavebná fakulta |T SvF Katedra betónových konštrukcií a mostov |X 2749 |U V110 |Y 11 |7 A000002749 | |
| 856 | 4 | |u http://is.stuba.sk/zp/portal_zp.pl?podrobnosti=125374 | |
| 856 | 4 | |u https://opac.crzp.sk/?fn=detailBiblioForm&sid=4CB0668AE2C8F277BDA4ABAC843C | |